000
00446nam a22001337a 4500
003
SGT
020
_a
9789385390616
082
_a
200
_b
G22K
100
_a
कोठरी, गुलाब
245
_a
गीता विज्ञानं उपनिषद : शरीर ब्रह्माण्ड का प्रतिबिम्ब
260
_b
पत्रिका प्रकाशन
_c
2022
300
_a
805
942
_2
ddc
_c
BK
999
_c
31745
_d
31745